000 00679nam a2200193 4500
001 122033
003 ES-MaACL
005 20230906191908.0
007 t|
008 070214m19691972sp r ||||1| spa d
100 1 _aPostigo García, Luis.
_993363
245 1 0 _aGeografía universal ilustrada /
_cLuis Postigo García.
260 _aBarcelona :
_bSopena,
_c1969-72.
300 _a3 v. :
_bil. ;
_c26 cm.
505 8 _aContiene: Vol. I. El cielo, la tierra, el hombre. Vol. II-III. Los continentes, las sociedades políticas
740 0 _aEl cielo, la tierra, el hombre.
740 0 _aLos continentes, las sociedades políticas.
852 _aES-MaACL
_jC-54217-19
_bR.77019
999 _c122033
_d122033